| 000 | 01893nam a2200445 c 4500 | ||
|---|---|---|---|
| 001 | 59875 | ||
| 003 | CO-BoRNBP | ||
| 005 | 20251107215302.0 | ||
| 007 | ta | ||
| 008 | 210915s2016 sp ao jrf 000 0dspa d | ||
| 020 | _a9788434221338 | ||
| 040 |
_aCO-BoRNBP _bspa _erda _cCO-BoRNBP |
||
| 041 | 0 | _aspa | |
| 082 | 0 | 4 |
_a674.8 _bG31t _222 |
| 100 |
_aGilbert, Vicenc _eaut _edrt _967011 |
||
| 245 | 1 | 0 |
_aTrabajos en madera / _ctextos y coordinación Vicenc Gilbert, Frederic A. Martín, Rodrigo Lazcano ; ilustraciones Antoni Vidal, Jordi Segú. |
| 246 | 3 | 4 | _aLa técnica y el arte de la fabricación de objetos en madera explicados con rigor y claridad |
| 250 | _aQuinta edición | ||
| 264 | 1 |
_aBadalona, España : _bParramón, _c2016 |
|
| 300 |
_a159 páginas : _bilustraciones, fotografías a color |
||
| 336 |
_atexto _btxt _2rdacontent |
||
| 337 |
_asin mediación _bn _2rdamedia |
||
| 338 |
_avolumen _bnc _2rdacarrier |
||
| 490 | 0 | _aArtes y Oficios | |
| 500 | _aIncluye datos biográficos de los autores en la solapa | ||
| 500 | _aIncluye glosario al final del texto | ||
| 504 | _aIncluye referencias bibliográficas | ||
| 505 | 0 |
_tLa base. El material _tComplementos _tHerrajes _tAdhesivos _tAcabados _tLa preparación. Suministro y manipulación de la materia prima _tLas herramientas _tLa maquinaria _tLas uniones _tPaso a paso |
|
| 521 | 1 | _aRecomendado para un público mayor de 12 años | |
| 650 | 0 | 7 |
_aArtesanías _2LEMB |
| 650 | 0 | 7 |
_aDecoración de interiores _2lemb _967012 |
| 650 | 0 | 7 |
_aManuales de hágalo usted mismo _2lemb _962572 |
| 650 | 0 | 7 |
_aTrabajos en madera _xEstrategia y técnica _vManuales, vademécum, etc _2lemb _967013 |
| 650 | 0 | 7 |
_aTrabajos manuales (educacion) _2lemb |
| 700 |
_aLazcano, Rodrigo _etdc _967014 |
||
| 700 |
_aSegú, Jordi, _eill _967015 |
||
| 700 |
_aVidal, Antoni _eill _967016 |
||
| 700 | 1 |
_aMartín, Frederic A. _etdc _967017 |
|
| 942 |
_2ddc _cBK |
||
| 999 |
_c59875 _d59875 |
||